Technology, change and society (Record no. 31348)

MARC details
000 -LEADER
fixed length control field 00275nam a2200109Ia 4500
082 ## - DEWEY DECIMAL CLASSIFICATION NUMBER
Classification number 062
Item number PYT
100 ## - MAIN ENTRY--AUTHOR NAME
Personal name Pytlik, Edward C
245 #0 - TITLE STATEMENT
Title Technology, change and society
260 ## - PUBLICATION, DISTRIBUTION, ETC. (IMPRINT)
Place of publication Massachusetts
Name of publisher Davis
Year of publication 1978
942 ## - ADDED ENTRY ELEMENTS (KOHA)
Koha item type Books
Holdings
Withdrawn status Lost status Damaged status Not for loan Home library Current library Date acquired Cost, normal purchase price Full call number Accession Number Koha item type
        RRII Library RRII Library 16/12/2021 8.40 062 PYT 11894 Books